000 004620000a22001690004500
041 0 _aENG
082 0 4 _aG 268.335 W6731t
100 1 _aWilder, Elmer L.
245 1 0 _aTalking object lessons : 54 appealing object lessons / Elmer L. Wilder
260 _aGrand Rapids, MI., USA : Zondervan
300 _a121 Pag
001 7880
942 _cBK
999 _c38082
_d38082
336 _atexto
_btxt
_2rdacontent
337 _2rdamedia
_asin mediación
_bn
338 _2rdacarrier
_avolumen
_bnc